Peter Norton's guide to Visual Basic 6 (Record no. 89014)

MARC details
000 -LEADER
fixed length control field 00531nam a2200193Ia 4500
008 - FIXED-LENGTH DATA ELEMENTS--GENERAL INFORMATION
fixed length control field 230125s9999 xx 000 0 und d
020 ## - INTERNATIONAL STANDARD BOOK NUMBER
International Standard Book Number 81-7635-145-8
041 ## - LANGUAGE CODE
Language code of text/sound track or separate title eng
082 ## - DEWEY DECIMAL CLASSIFICATION NUMBER
Classification number 005.133
Item number NOR GRO
100 ## - MAIN ENTRY--PERSONAL NAME
Personal name Nortons P
9 (RLIN) 112067
245 ## - TITLE STATEMENT
Title Peter Norton's guide to Visual Basic 6
260 ## - PUBLICATION, DISTRIBUTION, ETC. (IMPRINT)
Date of publication, distribution, etc. 1998
Name of publisher, distributor, etc. Techmedia publications
Place of publication, distribution, etc. New Delhi
300 ## - PHYSICAL DESCRIPTION
Extent 808p
500 ## - GENERAL NOTE
Keywords Visual basic 6,VB 6
500 ## - GENERAL NOTE
Keywords Visual Basic;VB
650 ## - SUBJECT ADDED ENTRY--TOPICAL TERM
Topical term or geographic name as entry element Computer Management
700 ## - ADDED ENTRY--PERSONAL NAME
Personal name Nortons P & Groh M
9 (RLIN) 112068
Holdings
Withdrawn status Lost status Damaged status Not for loan Home library Current library Date acquired Vendor Cost, normal purchase price Full call number Barcode Date last seen Cost, replacement price Bill Date Koha item type Original Barcode
Withdrawn 2022-23       Smt. Hiraben Nanavati Institute of Management & Research for Women Smt. Hiraben Nanavati Institute of Management & Research for Women 25/08/2001 Mehta book supplier 270.00 005.133 NOR/GRO B02661 HIMR-BK-2661 25/01/2023 270.00 25/08/2001 Books B02661